Manuel De Jesús De Peña y Reinoso : (Registro nro. 13976)

Detalles MARC
000 -LEADER
fixed length control field 01019nam a2200289 a 4500
001 - CONTROL NUMBER
control field 000036208
003 - CONTROL NUMBER IDENTIFIER
control field DO-SdBNP
005 - DATE AND TIME OF LATEST TRANSACTION
control field 20220126102335.0
008 - FIXED-LENGTH DATA ELEMENTS--GENERAL INFORMATION
fixed length control field 120111s2011 dr a 001 0dspa d
020 ## - INTERNATIONAL STANDARD BOOK NUMBER
International Standard Book Number 9789945074383
040 ## - CATALOGING SOURCE
Original cataloging agency DO-SdBNP
Language of cataloging spa
Transcribing agency BPMSU
082 ## - DEWEY DECIMAL CLASSIFICATION NUMBER
Classification number 972.91
Item number B488m 2011
Edition number 22
100 1# - MAIN ENTRY--PERSONAL NAME
Personal name Berenguer Cala, Jorge,
Dates associated with a name 1939-
245 10 - TITLE STATEMENT
Title Manuel De Jesús De Peña y Reinoso :
Remainder of title dos patrias y un ideal /
Statement of responsibility, etc. Jorge Berenguer Cala.
260 ## - PUBLICATION, DISTRIBUTION, ETC. (IMPRINT)
Place of publication, distribution, etc. Santo Domingo :
Name of publisher, distributor, etc. Búho,
Date of publication, distribution, etc. 2011.
300 ## - PHYSICAL DESCRIPTION
Extent 113 p. :
Other physical details il., facsíms., retrs. ;
Dimensions 23 cm.
490 0# - SERIES STATEMENT
Series statement Archivo General de la Nación,
Volume/sequential designation 146
500 ## - GENERAL NOTE
General note Incluye índice nomástico
504 ## - BIBLIOGRAPHY, ETC. NOTE
Bibliography, etc Bibliografía : p. 71
600 14 - SUBJECT ADDED ENTRY--PERSONAL NAME
Personal name Peña y Reinoso, Manuel de Jesús de
Dates associated with a name 1833-1915
651 #4 - SUBJECT ADDED ENTRY--GEOGRAPHIC NAME
Geographic name República Dominicana
General subdivision Historia
651 #4 - SUBJECT ADDED ENTRY--GEOGRAPHIC NAME
Geographic name Cuba
General subdivision Historia
Chronological subdivision 1810-1899
651 #4 - SUBJECT ADDED ENTRY--GEOGRAPHIC NAME
Geographic name Cuba
General subdivision Historia
Chronological subdivision Guerra de independencia, 1895-1898
710 2# - ADDED ENTRY--CORPORATE NAME
Corporate name or jurisdiction name as entry element Archivo General de la Nación (República Dominicana)
910 ## - USER-OPTION DATA (OCLC)
User-option data VMateo V.
942 ## - ADDED ENTRY ELEMENTS (KOHA)
Source of classification or shelving scheme Dewey Decimal Classification
Koha item type Libros
Existencias
Withdrawn status Lost status Source of classification or shelving scheme Damaged status Not for loan Collection code Home library Current library Date acquired Source of acquisition Full call number Barcode Date last seen Price effective from Koha item type Coded location qualifier Total Checkouts Copy number
    Dewey Decimal Classification     Colección Dominicana Biblioteca Pública Metropolitana Salomé Ureña Biblioteca Pública Metropolitana Salomé Ureña 01/26/2022 Fundacón Juan Bosch BPMSU CD 972.9105 B488m 2011 BPMSU22010070 01/26/2022 01/26/2022 Libros      
    Dewey Decimal Classification     Colección Dominicana Biblioteca Pública Metropolitana Salomé Ureña Biblioteca Pública Metropolitana Salomé Ureña 01/26/2022 Fundacón Juan Bosch BPMSU CD 972.9105 B488m 2011 BPMSU25040004 04/01/2025 01/26/2022 Libros   e.2